Banco Central Mexicano. (Record no. 5472)

MARC details
000 -CABECERA
campo de control de longitud fija 00799nam a2200229 a 4500
001 - NÚMERO DE CONTROL
campo de control BRCA_5783
005 - FECHA Y HORA DE LA ÚLTIMA TRANSACCIÓN
campo de control 20190320205220.0
008 - DATOS DE LONGITUD FIJA--INFORMACIÓN GENERAL
campo de control de longitud fija 090311t1909----mx-######l---#000-0#spa-#
041 ## - CÓDIGO DE LENGUA
Código de lengua del texto/banda sonora o título independiente spa
044 ## - CÓDIGO DEL PAÍS DE LA ENTIDAD EDITORA/PRODUCTORA
Código MARC del país mx
050 #4 - SIGNATURA TOPOGRÁFICA DE LA BIBLIOTECA DEL CONGRESO
Número de clasificación HG1642
Número de documento/Ítem .B36
-- 1909
245 10 - MENCIÓN DE TÍTULO
Título Banco Central Mexicano.
Mención de responsabilidad, etc. Banco Central Mexicano.
260 ## - PUBLICACIÓN, DISTRIBUCIÓN, ETC.
Lugar de publicación, distribución, etc. México
Nombre del editor, distribuidor, etc. Tipografía de Bouligny and Schmidt.
Fecha de publicación, distribución, etc. 1909
300 ## - DESCRIPCIÓN FÍSICA
Extensión 163 p.
Dimensiones 25 cm.
500 ## - NOTA GENERAL
Nota general Estatútos vigentes; cláusulas de la escritura social; escritura constitutiva; ley de constituciones de créditos; contrato de conseción; diversas reformas a la escritura social; Sumarios.
500 ## - NOTA GENERAL
Nota general H82
650 14 - PUNTO DE ACCESO ADICIONAL DE MATERIA--TÉRMINO DE MATERIA
Término de materia o nombre geográfico como elemento de entrada Bancos
Subdivisión geográfica México
9 (RLIN) 14669
650 14 - PUNTO DE ACCESO ADICIONAL DE MATERIA--TÉRMINO DE MATERIA
Término de materia o nombre geográfico como elemento de entrada Leyes Mexicanas
Subdivisión geográfica México
9 (RLIN) 14670
710 2# - PUNTO DE ACCESO ADICIONAL--NOMBRE DE ENTIDAD CORPORATIVA
Nombre de entidad corporativa o nombre de jurisdicción como elemento de entrada Banco Central Mexicano.
9 (RLIN) 11009
902 ## - CATALOGADOR
Iniciales GFM
942 ## - ELEMENTOS DE PUNTO DE ACCESO ADICIONAL (KOHA)
Fuente del sistema de clasificación o colocación Library of Congress Classification
Tipo de ítem Koha Libros
Holdings
Estado de retiro Estado de pérdida Estado dañado No para préstamo Localización permanente Ubicación/localización actual Fecha de adquisición Número de inventario Total de préstamos Signatura topográfica completa Código de barras Fecha visto por última vez Precio válido a partir de Tipo de ítem Koha
El ejemplar forma parte de la colección y puede ser consultado según las políticas vigentes.       Biblioteca del Museo Franz Mayer (Rogerio Casas-Alatriste) Biblioteca del Museo Franz Mayer (Rogerio Casas-Alatriste) 09/03/2011 H82   HG1642 .B36 1909 (H82) 6222 22/03/2019 22/03/2019 Libros